000 00596nam a22002177a 4500
003 UA-OsUOA
001 98220
007 ta
008 20130410b un ||||| |||| 00| 0 ukr d
090 _a821.161.1
_bР24
942 _cBK
040 _aUA-OsUOA
_brus
_cUA-OsUOA
_dUA-OsUOA
245 _aРассказы
_b1951 - 1952
_cсост. Н. Атаров
300 _a673 с.
955 _a3
041 _arus
080 _a821.161.1
260 _aМ.
_bСоветский писатель
_c1954
650 7 _a82 Література. Літературознавство
_2UDC
999 _c384640
_d384640